All Stray Kids Tittle Tracks (Jan.2025) - Statistics

General Stats
  • This quiz has been taken 87 times
    51 since last reset
  • The average score is 21 of 24
Answer Stats
Year HInt Answer % Correct
2025 Korean Do it
100%
2025 Korean Ceremony
96%
2024 Korean Walkin on Water
96%
2022 Korean Case 143
93%
2024 Korean Chk Chk Boom
93%
2020 Korean Gods Menu
93%
2025 Japanese Hollow
93%
2022 Korean Maniac
93%
2021 Korean Thunderous
93%
2020 Korean Back door
89%
2022 Japanese Circus
89%
2019 Korean Levanter
89%
2018 Korean District 9
85%
2024 Japanese Giant
85%
2018 Korean I am YOU
85%
2019 Korean MIROH
85%
2023 Korean S-Class
85%
2020 Japanese All In
81%
2023 Korean Lalalala
81%
2018 Korean My pace
78%
2023 Japanese Social Path
78%
2023 Japanese The Sound
74%
2019 Korean Side Effects
63%
2021 Korean Christmas EveL
59%
No matching quizzes found
Score Distribution
Percent of People with Each Score
Percentile by Number Answered
Your Score History
You have not taken this quiz since the last reset